000 00572cam a22001934a 4500
005 20250605164352.0
008 250528s ||||||||||||||||||||||||d
035 _a24116
040 _aGR-AtMCL
_bgre
_dGR-AtMCL
_eAACR2
245 1 _aParapsychology / Perspectives from the Koestler Unit
260 _c2006
300 _a63
520 _aPersonality Disorder, Body Metrics, Reports from America, Student Writer Winners.
700 1 _aSutton Jon
_99351
942 _cCR
710 2 _aThe British Psychological Society
_99823
999 _c9015
_d9015